[Event "Jacques Lemans op 18th"]
[Site "St Veit"]
[Date "1999.??.??"]
[Round "6.18"]
[White "Benda, Herbert"]
[Black "Widowitz, Manfred"]
[Result "1/2-1/2"]
[WhiteElo "2210"]
[BlackElo "2063"]
[PlyCount "32"]
[EventDate "1999.07.??"]
[EventType "swiss"]
[EventRounds "9"]
[EventCountry "AUT"]
[SourceTitle "EXT 2004"]
[Source "ChessBase"]
[SourceDate "2003.11.25"]
[SourceVersion "1"]
[SourceVersionDate "2003.11.25"]
[SourceQuality "1"]

1. e4 e5 2. Nf3 d6 3. Bc4 Be7 4. d4 exd4 5. Nxd4 Nf6 6. f3 0-0 7. Nc3 c6 8. Be3 b5 9. Be2 b4 10. Nb1 c5 11. Nb3 Bb7 12. a3 a5 13. axb4 axb4 14. Rxa8 Bxa8 15. c4 Nc6 16. Kf2 Ne5 1/2-1/2

[Event "Jacques Lemans op 18th"]
[Site "St Veit"]
[Date "1999.??.??"]
[Round "9.17"]
[White "Widowitz, Manfred"]
[Black "Giessmann, Andreas"]
[Result "0-1"]
[WhiteElo "2006"]
[BlackElo "2230"]
[PlyCount "31"]
[EventDate "1999.07.??"]
[EventType "swiss"]
[EventRounds "9"]
[EventCountry "AUT"]
[SourceTitle "EXT 2004"]
[Source "ChessBase"]
[SourceDate "2003.11.25"]
[SourceVersion "1"]
[SourceVersionDate "2003.11.25"]
[SourceQuality "1"]

1. e4 e6 2. d4 a6 3. a4 d5 4. Nc3 Bb4 5. e5 c5 6. Be3 Qa5 7. Nge2 cxd4 8. Bxd4 Nc6 9. Nc1 Nxd4 10. Qxd4 Ne7 11. Nb3 Nf5 12. Qd2 Qc7 13. f4 Bd7 14. Bd3 d4 15. Nxd4 Nxd4 16. 0-0-0 0-1

[Event "Jacques Lemans op 18th"]
[Site "St Veit"]
[Date "1999.??.??"]
[Round "5.16"]
[White "Widowitz, Manfred"]
[Black "Gratvol, Leonid"]
[Result "1/2-1/2"]
[WhiteElo "2063"]
[BlackElo "2200"]
[PlyCount "79"]
[EventDate "1999.07.??"]
[EventType "swiss"]
[EventRounds "9"]
[EventCountry "AUT"]
[SourceTitle "EXT 2004"]
[Source "ChessBase"]
[SourceDate "2003.11.25"]
[SourceVersion "1"]
[SourceVersionDate "2003.11.25"]
[SourceQuality "1"]

1. e4 c5 2. Nf3 e6 3. d4 cxd4 4. Nxd4 Nc6 5. Nc3 d6 6. Be3 Nf6 7. Be2 Be7 8. g4 d5 9. exd5 Nxd5 10. Nxd5 exd5 11. Qd2 0-0 12. 0-0-0 Bf6 13. h4 Re8 14. Rde1 Bxd4 15. Bxd4 Nxd4 16. Qxd4 Qa5 17. Kb1 Bd7 18. c3 Rac8 19. Bd3 Qc5 20. Rxe8+ Bxe8 21. Qxc5 Rxc5 22. f4 Rc7 23. Re1 Bc6 24. Bc2 Kf8 25. Bb3 Re7 26. Rxe7 Kxe7 27. Kc2 f6 28. Kd3 h6 29. Kd4 Kd6 30. h5 b6 31. a3 Bb5 32. Bd1 Be8 33. Bf3 Ba4 34. Be2 Bb3 35. Bf3 Bc2 36. f5 Bb3 37. Be2 Bc2 38. Bf3 Bb3 39. Be2 Bc2 40. Bf3 1/2-1/2